RICS launches new business rates service (Record no. 73536)

MARC details
000 -LEADER
fixed length control field 00900cam a2200193 4500
001 - CONTROL NUMBER
control field WB3937-05
008 - FIXED-LENGTH DATA ELEMENTS--GENERAL INFORMATION
fixed length control field 031002n2003 000 0 eng u
035 ## - SYSTEM CONTROL NUMBER
System control number (Sirsi) u123819
245 ## - TITLE STATEMENT
Title RICS launches new business rates service
260 ## - PUBLICATION, DISTRIBUTION, ETC.
Date of publication, distribution, etc. 2003
490 ## - SERIES STATEMENT
Series statement RICS Press Release
Volume/sequential designation (pr091) 1 October 2003 (1)
520 ## - SUMMARY, ETC.
Summary, etc. RICS has launched a Business Rates helpline, which offers free advice to businesses across the UK. The number is +44 (0)870 333 1600. A leaflet is also available and from 6 October 2003, the RICS website will have dedicated webpages designed to help small businesses at http://www.rics.org/business. http://www.rics.org/ricscms/bin/show?class=PressRelease&template=/includes/showpr.html&id=1032&faculty=RICS
590 ## - LOCAL NOTE (RLIN)
Local note WB
650 ## - SUBJECT ADDED ENTRY--TOPICAL TERM
Topical term or geographic name entry element SMALL BUSINESSES
650 ## - SUBJECT ADDED ENTRY--TOPICAL TERM
Topical term or geographic name entry element BUSINESS RATES
650 ## - SUBJECT ADDED ENTRY--TOPICAL TERM
Topical term or geographic name entry element HELPLINE
690 ## - LOCAL SUBJECT ADDED ENTRY--TOPICAL TERM (OCLC, RLIN)
Topical term or geographic name as entry element MANAGEMENT-BUSINESS MANAGEMENT
942 ## - ADDED ENTRY ELEMENTS (KOHA)
Suppress in OPAC 0
Holdings
Withdrawn status Lost status Source of classification or shelving scheme Damaged status Not for loan Home library Current library Shelving location Date acquired Total Checkouts Full call number Barcode Date last seen Copy number Price effective from Koha item type
    Dewey Decimal Classification     London London News article 02/10/2003   WB3937-05 123819-1001 06/08/2019 1 06/08/2019 News article